| 000 | 00616nam a2200205 a 4500 | ||
|---|---|---|---|
| 005 | 20210223131754.0 | ||
| 008 | 120625s2008 ea r 000 0 spa d | ||
| 020 | _a9780822578079 | ||
| 035 | _aUPN01000185410 | ||
| 049 | _aI | ||
| 050 | 4 |
_aQB334 _bN4.3 |
|
| 100 | 1 |
_aNelson, Robin, _d1971- _931580 |
|
| 245 | 1 | 3 |
_aLa gravedad / _cRobin Nelson. |
| 260 |
_aMinneapolis, E.U.A. : _bLerner, _cc2008. |
||
| 300 |
_a23 p. : _bil. col. |
||
| 440 | 0 |
_aMi primer paso al mundo real. _pFuerzas y movimiento |
|
| 534 |
_pTÃtulo original: _tGravity |
||
| 650 | 4 |
_aGRAVEDAD - _vLITERATURA INFANTIL _910930 |
|
| 905 | _aInfantil | ||
| 999 |
_c157513 _d157513 |
||